Oerationslehre der Mund-Kiefer-Gesichts-Chirurgie (Record no. 1500)

MARC details
000 -LEADER
fixed length control field 00943cam a2200325u 4500
001 - CONTROL NUMBER
control field data
005 - DATE AND TIME OF LATEST TRANSACTION
control field 20260322212103.0
008 - FIXED-LENGTH DATA ELEMENTS--GENERAL INFORMATION
fixed length control field data
035 ## - SYSTEM CONTROL NUMBER
System control number 6640050
010 ## - LIBRARY OF CONGRESS CONTROL NUMBER
LC control number 72304565
035 ## - SYSTEM CONTROL NUMBER
-- (DLC) 72304565
040 ## - CATALOGING SOURCE
Original cataloging agency DLC
Transcribing agency CarP
Modifying agency DLC
050 00 - LIBRARY OF CONGRESS CALL NUMBER
Classification number RD523
Item number .N38
100 1# - MAIN ENTRY--PERSONAL NAME
Personal name Nasteff, Deltscho.
245 10 - TITLE STATEMENT
Title Oerationslehre der Mund-Kiefer-Gesichts-Chirurgie
260 ## - PUBLICATION, DISTRIBUTION, ETC.
Place of publication, distribution, etc. Berlin,
Name of publisher, distributor, etc. Verlag Volk und Gesundheit,
Date of publication, distribution, etc. 1971.
300 ## - PHYSICAL DESCRIPTION
Extent xi, 536 p.
Other physical details illus.
Dimensions 25 cm.
336 ## - CONTENT TYPE
Content type term text
Content type code txt
Source rdacontent
337 ## - MEDIA TYPE
Media type term unmediated
Media type code n
Source rdamedia
338 ## - CARRIER TYPE
Carrier type term volume
Carrier type code nc
Source rdacarrier
500 ## - GENERAL NOTE
General note WU 600 N267o 1971]
650 #0 - SUBJECT ADDED ENTRY--TOPICAL TERM
Topical term or geographic name entry element Face
General subdivision Surgery.
650 #0 - SUBJECT ADDED ENTRY--TOPICAL TERM
Topical term or geographic name entry element Jaws
General subdivision Surgery.
650 #2 - SUBJECT ADDED ENTRY--TOPICAL TERM
Topical term or geographic name entry element Face
General subdivision Surgery.
650 #2 - SUBJECT ADDED ENTRY--TOPICAL TERM
Topical term or geographic name entry element Jaw
General subdivision Surgery.
650 #2 - SUBJECT ADDED ENTRY--TOPICAL TERM
Topical term or geographic name entry element Surgery, oral.
906 ## - LOCAL DATA ELEMENT F, LDF (RLIN)
a 0
b cbc
c premunv
d u
e ncip
f 19
g y-gencatlg
991 ## -
-- c-GenColl
-- RD523
-- .N38
-- Copy 1
-- PREM
Holdings
Withdrawn status Lost status Damaged status Not for loan Home library Current library Shelving location Date acquired Total checkouts Full call number Barcode Date last seen Price effective from Koha item type
        Riverside Riverside General stacks 22/03/2026   RD523 LOC-RPL-00047 22/03/2026 22/03/2026 Books